00585nam a2200169 a 450000500170000000800410001702000130005804000480007104100080011910000250012724500820015226000470023430000180028150400530029965000370035265000260038920210403132837.0210403s2003 ck |||gr|||| 00| 0 spa d a95881926 aCO-BoUCMbspacDeissy GarciadDeissy Garcia0 aspa aRamos Acevedo, Jairo10aCátedra de derecho administrativo general y colombianocJairo Ramos Acevedo bEdiciones Juridicas Gustavo Ibañezc2003 a965 páginas aIncluye referencias bibliográficas e índices 7aDerecho administrativozColombia 7aTeoría del derecho